Statistics for 拼音S开头的中国县级行政区County-Level Regions Starts with Pinyin S in China

Click here to take the quiz!

General Stats

  • This quiz has been taken 17 times
    (13 since last reset)
  • The average score is 83 of 197

Answer Stats

答案% Correct
深州市
92%
顺义区
83%
随县
83%
双河市
83%
邵阳县
75%
沙市区
75%
山阳区
75%
山阳县
75%
沙河市
75%
射阳县
75%
沙洋县
75%
四会市
75%
石林彝族自治县
75%
韶山市
75%
松山区
75%
射洪市
67%
商州区
67%
水城区
67%
思明区
67%
涉县
67%
歙县
67%
陕州区
67%
上城区
67%
双城区
67%
寿县
67%
泗县
67%
莎车县
67%
邵东市
67%
三元区
67%
宿豫区
67%
石门县
67%
沙县区
67%
睢县
67%
宿城区
67%
遂溪县
67%
三河市
67%
嵩县
67%
绥宁县
67%
寿阳县
58%
舒城县
58%
神木市
58%
双阳区
58%
绥阳县
58%
双江拉祜族佤族布朗族傣族自治县
58%
双辽市
58%
尚志市
58%
双流区
58%
松江区
58%
三水区
58%
石柱土家族自治县
58%
睢宁县
58%
商城县
58%
色尼区
58%
山阴县
58%
莘县
58%
肃南裕固族自治县
58%
泗洪县
58%
肃北蒙古族自治县
58%
泗阳县
58%
市中区(枣庄市)
50%
市中区(济南市)
50%
萨尔图区
50%
市中区(内江市)
50%
市中区(乐山市)
50%
顺平县
50%
朔城区
50%
思南县
50%
什邡市
50%
泗水县
50%
肃州区
50%
睢阳区
50%
濉溪县
50%
绥德县
50%
绥中县
50%
孙吴县
50%
石鼓区
50%
索县
50%
鄯善县
50%
深泽县
50%
三江侗族自治县
50%
神池县
50%
沈河区
50%
商河县
50%
桑珠孜区
50%
色达县
50%
沈丘县
42%
始兴县
42%
市北区
42%
市南区
42%
申扎县
42%
思茅区
42%
双峰县
42%
顺庆区
42%
顺德区
42%
上思县
42%
舒兰市
42%
蜀山区
42%
石首市
42%
石狮市
42%
上街区
42%
肃宁县
42%
嵊州市
42%
三门县
42%
桑植县
42%
沙坪坝区
42%
桑日县
42%
石棉县
42%
石屏县
42%
嵩明县
42%
苏仙区
33%
山海关区
33%
上杭县
33%
双桥区
33%
松滋市
33%
遂川县
33%
顺河回族区
33%
双清区
33%
绥棱县
33%
绥江县
33%
商南县
33%
松桃苗族自治县
33%
商都县
33%
松潘县
33%
水富市
33%
萨嘎县
33%
施秉县
33%
上虞区
33%
师宗县
33%
石城县
33%
寿光市
33%
石阡县
33%
石峰区
33%
尚义县
33%
疏勒县
33%
沭阳县
33%
沈北新区
33%
浉河区
33%
上林县
33%
疏附县
33%
山城区
25%
松北区
25%
山丹县
25%
沙坡头区
25%
绥滨县
25%
双湖县
25%
松溪县
25%
三原县
25%
沙湾市
25%
宿松县
25%
石龙区
25%
沙湾区
25%
石台县
25%
三穗县
25%
绥芬河市
25%
双滦区
25%
单县
25%
双柏县
25%
寿宁县
25%
上高县
25%
三都水族自治县
25%
遂昌县
25%
遂平县
25%
嵊泗县
25%
社旗县
25%
萨迦县
25%
双台子区
25%
双塔区
25%
双牌县
25%
赛罕区
17%
石河子市
17%
三台县
17%
石景山区
17%
上栗县
17%
沙雅县
17%
上党区
17%
上蔡县
17%
顺昌县
17%
苏家屯区
17%
石楼县
17%
松阳县
17%
顺城区
17%
山亭区
17%
商水县
17%
神农架林区
8%
邵武市
8%
上犹县
8%
四子王旗
8%
四方台区
8%
沙河口区
8%
沙依巴克区
8%
石泉县
8%
石渠县
8%
施甸县
0%
石拐区
0%
水磨沟区
0%
苏尼特右旗
0%
苏尼特左旗
0%

Score Distribution

Percentile by Number Answered

Percent of People with Each Score

Your Score History

You have not taken this quiz since the last reset